| 000 | 01067 a2200241 4500 | ||
|---|---|---|---|
| 003 | Nust | ||
| 005 | 20230119173710.0 | ||
| 010 | _a 87008892 | ||
| 020 | _a1851660887 (v. 1) | ||
| 020 | _a1851661948 (v. 2) | ||
| 040 | _cNust | ||
| 082 | 0 | 0 | _a667.9,SUR |
| 245 | 0 | 0 |
_aSurface coatings / _cedited by Alan D. Wilson, John W. Nicholson and Havard J. Prosser. |
| 260 |
_aLondon ; _aNew York : _bElsevier Applied Science ; _aNew York, NY, USA : _bSole distributor in the USA and Canada, Elsevier Science Pub. Co., _c1987-<c1990 > |
||
| 300 |
_a230p: _bill. ; _c23 cm. |
||
| 505 | _aWaterborne Coatings (Page-1), Electrodeposition of Paints (Page-39), Acoustic Emission Testings of Coatings (Page-71), Organic Coatings in Corrosion Protection (Page-107), Galvanized Reinforcements in Concrete (Page-137), Titanium Dioxide for Surface Coatings (Page-183). | ||
| 650 | 0 |
_aCoatings. _964028 |
|
| 700 | 1 |
_aNicholson, John W. _9107159 |
|
| 700 | 1 |
_aProsser, Havard J. _9107160 |
|
| 700 | 1 |
_aWilson, Alan D. _9107161 |
|
| 740 | 0 | _aWaterborne coatings. | |
| 942 |
_cREF _2ddc |
||
| 999 |
_c176032 _d176032 |
||